000 00211 a2200097 4500
001 4239
100 _aWimperis,H.E
245 _aInternal combustion engine the
260 _a
_bConstable
_c
090 _c3456
_d3456
942 _aNUST-CAE
_cM
_c27291
999 _c239312
_d239312